|
|
|
|
| LEADER |
01550nam a22003617a 4500 |
| 001 |
29880 |
| 003 |
BD-DhAAL |
| 008 |
171123t2010 bg a||||||||| 00||0 eng d |
| 999 |
|
|
|c 38610
|d 38610
|
| 020 |
|
|
|a 9789843332847
|
| 040 |
|
|
|a BD-DhAAL
|
| 082 |
|
|
|a 720.711095492
|2 23
|
| 100 |
|
|
|a Islam, Rafique
|9 23862
|
| 245 |
|
|
|a The first faculty of architecture in Dhaka /
|c Rafique Islam [et..al]
|
| 260 |
|
|
|a Dhaka :
|b Mukto Akash,
|c c2010
|
| 300 |
|
|
|a iv, 144 pages :
|b illustrations ;
|c 22 cm.
|
| 526 |
|
|
|a AAL
|
| 541 |
|
|
|a Complementary copy
|e 29880
|
| 650 |
|
|
|a Architecture
|x Study and teaching
|x History
|z Bangladesh
|z Dhaka
|9 23863
|
| 650 |
|
|
|a Bangladesh University of Engineering and Technology
|x Faculty of Architecture and Planning
|x History
|9 23864
|
| 700 |
|
|
|a Walden, James C.
|9 23865
|
| 700 |
|
|
|a Dunham, Mary Frances
|9 23866
|
| 700 |
|
|
|a Khan, Nizam
|9 23867
|
| 700 |
|
|
|a Rab, Wajeda J.
|9 23868
|
| 700 |
|
|
|a Rab, Shahid
|9 23869
|
| 700 |
|
|
|a Hossain, Anwar
|9 23870
|
| 700 |
|
|
|a Ahmed, Nizamuddin
|9 23871
|
| 700 |
|
|
|a Ehsan, M. Aminul
|9 23872
|
| 700 |
|
|
|a Awal, Md. Abdul
|9 23873
|
| 852 |
|
|
|a Ayesha Abed Library
|c General Stacks
|
| 942 |
|
|
|2 ddc
|c BK
|
| 952 |
|
|
|0 0
|1 0
|2 ddc
|4 0
|6 720_711095492000000_FIR
|7 0
|9 61945
|a BRACUL
|b BRACUL
|c GEN
|d 2017-11-23
|e Complimentary copy
|l 3
|m 24
|o 720.711095492 FIR
|p 3010029880
|r 2021-12-23
|s 2021-12-15
|t 1
|w 2017-11-23
|y BK
|
| 952 |
|
|
|0 0
|1 0
|2 ddc
|4 0
|6 720_711095492000000_FIR
|7 0
|9 61947
|a BRACUL
|b BRACUL
|c GEN
|d 2017-11-23
|e Complimentary copy
|l 2
|o 720.711095492 FIR
|p 3010029881
|r 2025-08-25
|s 2025-08-20
|t 2
|w 2017-11-23
|y BK
|